History of urban form before the industrial revolution (Record no. 11322)

000 -LEADER
fixed length control field 00414nam a2200169Ia 4500
003 - CONTROL NUMBER IDENTIFIER
control field OSt
005 - DATE AND TIME OF LATEST TRANSACTION
control field 20230321145258.0
008 - FIXED-LENGTH DATA ELEMENTS--GENERAL INFORMATION
fixed length control field 230307s9999 xx 000 0 und d
020 ## - INTERNATIONAL STANDARD BOOK NUMBER
International Standard Book Number 9781138293472
028 ## - PUBLISHER NUMBER
Source Routledge
082 ## - DEWEY DECIMAL CLASSIFICATION NUMBER
Classification number 307.121609
Item number MOR
100 ## - MAIN ENTRY--PERSONAL NAME
Personal name Morris
245 #0 - TITLE STATEMENT
Title History of urban form before the industrial revolution
260 ## - PUBLICATION, DISTRIBUTION, ETC. (IMPRINT)
Place of publication, distribution, etc New York
Name of publisher, distributor, etc Routledge
300 ## - PHYSICAL DESCRIPTION
Extent 444p;.
942 ## - ADDED ENTRY ELEMENTS (KOHA)
Source of classification or shelving scheme
Holdings
Withdrawn status Lost status Source of classification or shelving scheme Damaged status Koha normalized classification for sorting Not for loan Permanent location Current location Date acquired Source of acquisition Cost, normal purchase price Total Checkouts Full call number Barcode Date last seen Date last borrowed Cost, replacement price Price effective from Koha item type
        307_121609000000000_MOR   BMS College of Architecture, Design and Planning BMS College of Architecture, Design and Planning 2023-03-16 10 2274.35 1 307.121609 MOR AR-UG2974 2023-04-05 2023-03-28 3499.00 2023-03-16 UG Books
Copyright © 2025, The Librarian, Library and Information Centre, BMSCA D&P, Bengaluru. All Rights Reserved
web counter

Powered by Koha